Mezinárodní marketing

Salvato in:
Dettagli Bibliografici
Autore principale: Machková, Hana
Natura: Libro
Lingua:ceco
Pubblicazione: Praha Grada Publishing 2006
Edizione:2. rozšíř. a přeprac. vyd.
Serie:Expert
Soggetti:
Tags: Aggiungi Tag
Nessun Tag, puoi essere il primo ad aggiungerne!!

MARC

LEADER 00000nam$a2200000$$$4500
001 0045080
005 20220909122447.2
020 |a 80-247-1678-X 
041 0 |a cze 
044 |a CZ 
245 1 0 |a Mezinárodní marketing  |c Hana Machková 
250 |a 2. rozšíř. a přeprac. vyd. 
264 1 |a Praha  |b Grada Publishing  |c 2006 
300 |a 205 s. 
490 1 |a Expert 
830 0 |a Expert 
610 2 0 |a marketing medzinárodný 
610 2 0 |a podnikanie medzinárodné 
610 2 0 |a výskum 
610 2 0 |a marketing 
610 2 0 |a plánovanie strategické 
610 2 0 |a firmy 
610 2 0 |a trh medzinárodný 
610 2 0 |a segmentácia trhu 
610 2 0 |a politika výrobková 
610 2 0 |a značky výrobné 
610 2 0 |a politika cenová 
610 2 0 |a distribúcia 
610 2 0 |a komunikácia 
610 2 0 |a podpora predaja 
610 2 0 |a práca s verejnosťou 
100 1 |a Machková, Hana